000 00279nam a2200121Ia 4500
005 20251222144649.0
008 251222s9999||||xx |||||||||||||| ||spa||
020 _a88-08-08841-3
082 _aREF.453/Z35
245 0 _aLo Spagnolo Minore:
264 _bZanichelli
942 _cLIB
999 _c17005
_d17005